Statistics for The Americas - Multiple Choice

Click here to take the quiz!

General Stats

  • This quiz has been taken 23 times
  • The average score is 12 of 35

Answer Stats

QuestionAnswer% Correct
Name of the island shared between Haiti and Dominican Republic:Hispaniola
93%
Also known as "The Lost City of the Incas", Machu Picchu, is located in which country?Peru
80%
Which country fought against the United Kingdom for the Falkland Islands?Argentina
73%
US state that is more populated than Canada:California
67%
In 2022, more than 10.000.000 people emigrated from this country to the United States:Mexico
67%
This country registered the strongest earthquake ever recorded:Chile
60%
The only two South American countries that don't share a border with Brazil:Chile and Ecuador
60%
Easternmost major city in the Americas:Recife
60%
Northernmost and Southernmost countries, respectively:Canada and Chile
53%
The only North American country that doesn't border the Atlantic Ocean:El Salvador
53%
Major city located in the middle of the Amazon:Manaus
47%
Pope Francis is the first Pope from the Americas. Which country is he from?Argentina
40%
Around 70% of this country's population are Italian descendants:Argentina
40%
Which of these capitals is known as the highest in the world?La Paz
40%
Most populated city in the Americas:Mexico City
40%
Southern South American region shared by Argentina and ChilePatagonia
40%
The closest country to Russia:United States
40%
The two countries with the least corruption levels:Canada and Uruguay
33%
Which of these indigenous languages is official in Bolivia, Ecuador and Peru?Quechua
33%
Has Dutch as an official language:Suriname
33%
The landmark known as "Chechén Itza" is located in which country:Mexico
27%
The largest country in the Americas:Canada
20%
In 2010, this country was badly affected by an earthquake, being one of the costliest in historyHaiti
20%
Has the greatest number of German descendants:United States
20%
Around 90% of this country's population are European descendants:Uruguay
20%
This country has the highest point on land on both continents:Argentina
13%
The countries with the best HDI in North America and South America, respectively:Canada and Chile
13%
In 2005, which major city was hardly damaged by Hurricane Katrina?New Orleans
13%
Around 54% of this country's population are African descendants, being the country with the greatest number of African descendants int he worldBrazil
7%
The only two South American countries bordering the Caribbean SeaColombia and Venezuela
7%
These three countries have more native Spanish speakers than SpainColombia, Mexico and United States
7%
Richest Latin American country:Panama
7%
Second coldest country by average temperature in the Americas, only behind Canada:Chile
0%
The second country to receive the most tourists, only behind the US:Mexico
0%
This country got independent from the Brazilian Empire in 1828Uruguay
0%

Score Distribution

Percentile by Number Answered

Percent of People with Each Score

Your Score History

You have not taken this quiz